000 00948cam a22003257a 4500
003 CHAP
005 20220817041654.0
008 971013s1993 r 00010 d
010 _a21197
011 _a22169
035 _a26262
040 _cCHAP
082 _a634.907
_bF3f
110 2 _aFAO
245 1 0 _aGérer et organiser la recherche forestiére
260 _aRome :
_bFAO,
_c1993
300 _a110 p.
490 0 _aFAO. Montes
_v; 102
590 _aBATCH-UPD
_b10
_c20130110
_lUCH01
_h0848
590 _aBATCH-UPD
_b10
_c20130410
_lUCH01
_h0520
590 _aBATCH-UPD
_b10
_c20130914
_lUCH01
_h0702
590 _aCONVERSION
_b10
_c20130109
_lUCH01
_h1313
650 1 4 _aBosques
_xAdministración.
_914003
650 1 4 _aBosques
_xInvestigación.
_914282
650 1 4 _aPolítica forestal.
_990563
830 0 _aFAO. Montes
_v; 102
_939632
901 _aBK
942 _cLIBRO
949 _a634.907 F3f
_bBC
_cFAO
_d-60658
_eFAO1
_h87282
_i26262
_si
999 _c21197
_d21197